उजाले की दस्तक/ (Record no. 200989)

MARC details
000 -LEADER
fixed length control field 00624nam a22001817a 4500
005 - DATE AND TIME OF LATEST TRANSACTION
control field 20240222143740.0
010 ## - LCCN (DPL NO)
LC control number HIN-126940
020 ## - INTERNATIONAL STANDARD BOOK NUMBER
Terms of availability 400.00
International Standard Book Number 9788191072679
035 ## - SYSTEM CONTROL NUMBER
System control number HN-99286
037 ## - SOURCE OF ACQUISITION
Source of stock number/acquisition DBAD/PUB
082 ## - DEWEY DECIMAL CLASSIFICATION NUMBER
Classification number
100 ## - MAIN ENTRY--PERSONAL NAME
Personal name झा,ज्योति
245 ## - TITLE STATEMENT
Title उजाले की दस्तक/
Statement of responsibility, etc ज्योति झा
260 ## - PUBLICATION, DISTRIBUTION, ETC. (IMPRINT)
Place of publication, distribution, etc जयपुर
Name of publisher, distributor, etc मोनिका प्रकाशन
Date of publication, distribution, etc 2021
270 ## - ADDRESS
Address 85/175 प्रताप नगर
City जयपुर
Postal code 302033
300 ## - PHYSICAL DESCRIPTION
Extent 178p;
Dimensions 22cm(सजिल्द)
942 ## - ADDED ENTRY ELEMENTS (KOHA)
Source of classification or shelving scheme Dewey Decimal Classification
Item type English Books
Classification part
Call number suffix झाज्योति
Holdings
Withdrawn status Lost status Not for loan Collection code Home library Current library Date acquired Source of acquisition Cost, normal purchase price Full call number Barcode Copy number Cost, replacement price Koha item type
      Fiction Tri Nagar Tri Nagar 22/02/2024 DBAD/PUB 400.00 क झाज्योति HN-99286 1 400.00 English Books

© Delhi Public Library
Hit Counter
free hit counter